Pravdepodobnostná analýza na prvej úrovni 1. bloku JE V-1 pre plný výkon reaktora
Saved in:
| Main Author: | |
|---|---|
| Other Authors: | , |
| Format: | Manuscript Book |
| Language: | Slovak |
| Published: |
Bratislava :
STU v Bratislave FEI,
2004
|
| Subjects: | |
| Tags: |
No Tags, Be the first to tag this record!
|
MARC
| LEADER | 00000ntm a22000003a 4500 | ||
|---|---|---|---|
| 001 | stu92658 | ||
| 005 | 20160719164700.1 | ||
| 008 | 050131s2004------------------------slo-d | ||
| 040 | |a STU |b slo | ||
| 041 | 0 | |a slo | |
| 100 | 1 | |a Kovács, Zoltán |4 ths | |
| 245 | 1 | |a Pravdepodobnostná analýza na prvej úrovni 1. bloku JE V-1 pre plný výkon reaktora | |
| 260 | |a Bratislava : |b STU v Bratislave FEI, |c 2004 | ||
| 300 | |a 55 s | ||
| 650 | 7 | |a Elektroenergetika |2 stusub | |
| 650 | 7 | |a silnoprúdová elektrotechnika |2 stusub | |
| 700 | 1 | |a Pňaček, Michal |4 aut | |
| 700 | 1 | |a Lipka, Jozef, |d 1940- |4 ths |u E060 |U FEI Fakulta elektrotechniky a informatiky |T FEI Ústav jadrového a fyzikálneho inžinierstva |X 3677 |U E060 |Y 817 |7 A000003677 | |